000 00734nam a2200241I 4500
001 22785
003 BD-RjUL
005 20211209000842.0
008 140309r19461940enka 1 eng d
035 _a(BD-RjUL)22850
040 _aBOS
_beng
_cCSU
_dBD-RjUL
041 _aeng
082 0 4 _a942
_bGLH V-3 1946
100 1 _aGlew, D. M.
_970283
245 1 0 _aHistory of England /
_cby D. M. Glew ; Harold Plaskitt.
_nPart III : 1714-1934.
260 _aLondon :
_bUniversity Tutorial Press Ltd,
_c1940 [reprinted 1946].
300 _aPt. :
_bill.;
_c21 cm.
504 _aIncludes index.
505 _aPt. 2-- 1485-1714 pt. 3--
651 0 _aGreat Britain
_xHistory.
_970284
700 1 _aPlaskitt, Harold.
_970285
942 _2ddc
_cBK
999 _c22785
_d22785